000 00420nam a2200157Ia 4500
008 230917s9999||||xx |||||||||||||| ||und||
020 _cPOU7.5
040 _e6003
_aMAIN
041 _aEnglish
082 _a327 M784S
100 _aMoore, John
245 0 _aSeapower and politics: From the norman canquest to the present day
260 _aLondon
_bWeidenfeld & Nicolson
_c1979
300 _axii, 184 p.
942 _cBK
999 _c202866
_d202866